000 00808nam a2200229 i 4500
001 12863
003 ES-MaACL
005 20230927193625.0
008 110627s2011 sp |||| | spa d
020 _a978-84-15019-59-6
080 _a821.134.2-32"19"
100 1 _aEscalera Cordero, Matías.
_9139828
245 1 0 _aHistorias de este mundo /
_cMatías Escalera Cordero.
260 _aTegueste, Tenerife :
_bBaile del Sol,
_c[2011]
300 _a212 p. ;
_c19 cm.
490 1 _aSitio de fuego ;
_v110
830 0 _aSitio de fuego ;
_v110
_9190814
852 _aES-MaACL
_jA-12036
_913184
_bR.148647
_cDEPO1
_dOlim: N-5041
_xDonación: Matías Escalera Cordero
_zDedicatoria autógrafa del autor
903 _9139828
_aEscalera Cordero, Matías
_ednr
942 _2udc
_cMONOGRAFIA
999 _c12863
_d12863